Land, labor and rural poverty
Αποθηκεύτηκε σε:
| Κύριος συγγραφέας: | |
|---|---|
| Μορφή: | Βιβλίο |
| Γλώσσα: | English |
| Δημοσίευση: |
New York :
Columbia University Press,
c1984
|
| Θέματα: | |
| Ετικέτες: |
Προσθήκη ετικέτας
Δεν υπάρχουν, Καταχωρήστε ετικέτα πρώτοι!
|
MARC
| LEADER | 00000nam a2200000 i 4500 | ||
|---|---|---|---|
| 001 | 1/94894 | ||
| 008 | 991130s1984 eng d | ||
| 020 | |a 0-231-05389-4 | ||
| 035 | |l 10055042 | ||
| 040 | |a GR-MY-UA |b gre |e aacr | ||
| 041 | 0 | |a eng | |
| 082 | 0 | |a 338.10954 | |
| 100 | 1 | |a Bardhan, Pranab K. | |
| 245 | 1 | 0 | |a Land, labor and rural poverty / |c Pranab K. Bardhan |
| 260 | |a New York : |b Columbia University Press, |c c1984 | ||
| 300 | |a 252 p.; |b tabl.; |c 24 cm. | ||
| 504 | |a Includes bibliographical references and index | ||
| 650 | 0 | 0 | |a Agriculture |x Economic aspects |z India. |
| 650 | 0 | 0 | |a Agricultural laborers |z India. |
| 650 | 0 | 0 | |a Land tenure |z India. |
| 650 | 0 | 0 | |a Rural poor |z India. |
| 651 | 0 | |a India |x Rural conditions. | |
| 852 | |a INST |b LESVOS |e 19991130 |h 338.10954 BAR |p 005100018775 |q 005100018775 |t BK |y 0 | ||
| 901 | |a BIBL1-2000-1 | ||
| 909 | |a Λ |b 070330 | ||
| 922 | |a 1ΕΛΗ |b 199911 |c ΚΠΣ/ΤΓ |d LEADER | ||
| 950 | |a 118-1999-09-03 | ||
| 970 | |a ΜΟΥΣΤΑΚΑ |b ΠΗΝΕΛΟΠΗ |z 2000/01/26 | ||